One Piece Popularity Polls - Statistics

General Stats
  • This quiz has been taken 235 times
  • The average score is 66 of 80
Answer Stats
Hint Answer % Correct
1 Luffy
100%
Post Time skip>1. Luffy
100%
1 Luffy
100%
1 Luffy
100%
1st Global Poll>1. Luffy
100%
1 Monkey D. Luffy
99%
1 Monkey D. Luffy
99%
1 Monkey D. Luffy
99%
2 Roronoa Zoro
99%
2 Roronoa Zoro
99%
2 Roronoa Zoro
99%
5 Nami
98%
5 Nami
98%
7 Nami
98%
6 Nami
98%
8 Nami
98%
8 Nami
98%
6 Nami
98%
3. Nami
98%
3 Sanji
97%
3 Sanji
97%
4 Vinsmoke Sanji
97%
2 Zoro
97%
3 Zoro
97%
2 Zoro
97%
2 Zoro
97%
2. Zoro
97%
3 Sanji
96%
4 Sanji
96%
3 Sanji
96%
3 Sanji
96%
4 Sanji
96%
4 Chopper
94%
4 Chopper
94%
4 Chopper
94%
7 Chopper
94%
7 Chopper
94%
5 Nico Robin
93%
7 Robin
91%
7 Robin
91%
6 Robin
91%
9 Brook
90%
4 Brook
90%
8 Usopp
89%
6 Usopp
89%
6 Usopp
89%
10 Usopp
89%
5 Ace
86%
6 Ace
86%
5 Ace
86%
8 Ace
86%
9 Ace
86%
6 Jinbe
86%
8 Portgas D. Ace
86%
10 Portgas D. Ace
86%
3 Shanks
83%
7 Shanks
83%
8 Shanks
83%
9 Shanks
83%
5 Sabo
74%
9 Sabo
74%
10 Sabo
74%
10 Law
73%
5 Law
73%
2 Law
72%
4 Law
72%
5 Law
72%
10 Nefertari Vivi
64%
7 Buggy
63%
8 Dracule Mihawk
62%
10 Hancock
55%
10 Hancock
55%
7 Hancock
55%
8 Carrot
35%
9 Bon Clay
30%
9 Captain Kuro
30%
6 Benn Beckman
19%
9 Bartolomeo
14%
9 Kaku
13%
10 Kuina
13%
No matching quizzes found
Score Distribution
Percent of People with Each Score
Percentile by Number Answered
Your Score History
You have not taken this quiz